=LDR 00000nam 2200000 4500 =001 INLIS000000000011760 =005 20130612103313 =008 ***********************************Ind** =035 ##$$0010-061300000011760 =041 ##$$a Ind =082 ##$$a 657.076 =090 ##$$a 657.076, Yus J =100 ##$$a Yusuf, Al Hanyono =245 ##$$a Jawaban Soal-Soal dari buku dasar- dasar akutansi, Al.Hanyo Yusuf =260 ##$$a 2002 $b Yogyakarta =300 ##$$a Jil; 27 hlm =650 ##$$a Akutansi =650 ##$$a Soal Jawab =850 ##$$a NBPNMAT